000 00879nam a2200265 i 4500
003 DO-SdBNP
005 20260218133654.0
007 ta
008 260218b2025 dr a|||| |||| 00| 0 spa d
020 _a9789945296877
040 _aDO-SdBNP
_bspa
_cBNPHU
_erda
041 _aspa
082 4 _axxx
_bxxx
_222
100 _aSabaris, Arlene,
_eautor
_4aut.
_976214
245 1 0 _aUna dulce lección /
_cArlene Sabaris ; ilustraciones, Massiel González ; dirección editorial, Luis Reynaldo Pérez
264 4 _aSanto Domingo :
_bLuna Insomne Editores,
_c©2025.
300 _a14 páginas :
_bIlustraciones ;
_c22 cm.
336 _atexto
_btxt
_2rdacontent
337 _asin mediación
_bn
_2rdamedia
338 _avolumen
_bnc
_2rdacarrier
590 _aInventariado, 2026/BT
700 1 _aGonzález Uceta, Massiel,
_eIlustrador
_4il.
_985158
910 _aBtavárez
942 _2ddc
_cLF2
999 _c60362
_d60362